000 00949cad a22002055a 4500
001 L155315
008 120316s2012 xxk 000 0 eng d
035 _a(Sirsi) u155315
041 0 _aeng
110 2 _aColliers International
_95548
245 0 0 _aNet stock absorption snapshots
_bFebruary 2012
_h[electronic resource]
260 _a[S.I]
_bColliers International
_c2012
490 _aColliers International Net Stock Absorption Snapshot
_vFebruary 2012
520 _aSeries of brief reports mapping absorption, availability, take-up, and rents in the commercial property markets of major cities in England and Scotland: Birmingham; Bristol; Leeds; Manchester; and Edinburgh and Glasgow. Offers an overview and coverage of occupier markets.
590 _aNTK KA
651 4 _aUnited Kingdom
690 _aCommercial property
_96227
856 4 0 _uhttps://www.colliers.com/Markets/UK/Research
_zView the reports at www.colliers.com
942 _n0
999 _c83848
_d83848